Croatia Euro 2012 Squad - Statistics

General Stats
  • This quiz has been taken 706 times
    690 since last reset
  • The average score is 14 of 23
Answer Stats
Club Position Answer % Correct
Tottenham MD Luka Modric
97%
Sevilla MD Ivan Rakitic
86%
Wolfsburg ST Mario Mandzukic
85%
Shakhtar Donetsk MD Darijo Srna
83%
Rostov GK Stipe Pletikosa
83%
Monaco GK Danijel Subasic
80%
Borussia Dortmund MD Ivan Perisic
74%
Bayer Leverkusen DF Vedran Corluka
72%
Shakhtar Donetsk ST Eduardo
71%
Everton ST Nikica Jelavic
69%
Dinamo Zagreb DF Domagoj Vida
68%
Tottenham MD Niko Kranjcar
66%
Dnipro Dnipropetrovsk ST Nikola Kalinic
62%
Bayern Munich DF Danijel Pranjic
60%
Dnipro Dnipropetrovsk DF Ivan Strinic
54%
Dinamo Zagreb DF Josip Simunic
53%
Dynamo Kyiv MD Ognjen Vukojevic
53%
Dinamo Zagreb GK Ivan Kelava
45%
Dinamo Zagreb MD Milan Badelj
41%
Dinamo Zagreb DF Sime Vrsaljko
40%
Eintracht Frankfurt DF Gordon Schildenfeld
37%
Real Zaragoza MD Tomislav Dujmovic
20%
Maccabi Haifa DF Jurica Buljat
16%
No matching quizzes found
Score Distribution
Percent of People with Each Score
Percentile by Number Answered
Your Score History
You have not taken this quiz since the last reset